000 00698nam a2200289Ia 4500
005 20260324140401.0
008 008 260324s9999 xx 000 0 eng d
020 _a9780429026768
037 _aEBOOK
040 _aCRL
040 _beng
040 _cCRL
041 _2eng
041 _aeng
084 _qCRL
100 _aChik Collins
_91204185
245 0 _aLanguage, Ideology and Social Consciousness
245 0 _bDeveloping a Sociohistorical Approach
260 _bTaylor and Francis
260 _c1999
365 _a
365 _b170
856 _uhttp://www.taylorfrancis.com/books/9780429026768
942 _cEBOOK
999 _c1806211
_d1806211